Statistics for All Symbiotes and Klyntar

Click here to take the quiz!

General Stats

  • This quiz has been taken 7 times
  • The average score is 19 of 95

Answer Stats

Characters% Correct
Anti Venom
100%
Carnage
100%
Riot
100%
Scorn
100%
Toxin
100%
Venom
100%
Agony
80%
Hybrid
80%
Knull
80%
Lasher
80%
Mania
80%
Phage
80%
Scream
80%
Grendel
60%
Sleeper
60%
Agent Venom
40%
She Venom
40%
ZZZXX
40%
Agents of the Cosmos
20%
All Black the Necrosword
20%
Black Berserkers
20%
Dreadface
20%
Endo Sym Armor
20%
Exolon
20%
Karl Malus
20%
Killer Thrill
20%
Krobaa
20%
Magic Venom
20%
Marcus
20%
Mayhem
20%
Mister E
20%
Neo Symbiote
20%
N Jadaka
20%
Payback
20%
Plague
20%
Raze
20%
Rune Venom
20%
Symbiote Warriors
20%
Tarna
20%
Tyrannosaurus
20%
Venom Virus
20%
X Men Blue
20%
Agent Anti Venom
0%
Berserkers
0%
Bio Predators
0%
Bizarnage
0%
Carnom
0%
Carrier
0%
Demolisher
0%
Demon
0%
Electrolings
0%
Grapplers
0%
Gwenom
0%
Horror
0%
Mutation
0%
Poison
0%
Pork Grind
0%
Shriek
0%
Slashers
0%
Snatchers
0%
Spider Carnage
0%
Symbioids
0%
Symbiote Pods
0%
Symbiote Supreme
0%
Synoptic
0%
Variable Engagement Neuro Sensitive Organic Mesh
0%
Venomized Black Cat
0%
Venomized Black Panther
0%
Venomized Cable
0%
Venomized Captain America
0%
Venomized Cyclops
0%
Venomized Daredevil
0%
Venomized Doctor Doom
0%
Venomized Elektra
0%
Venomized Emma Frost
0%
Venomized Everyone Else
0%
Venomized Gamora
0%
Venomized Ghost Rider
0%
Venomized Groot
0%
Venomized Hulk
0%
Venomized Iron Fist
0%
Venomized Iron Man
0%
Venomized Kingpin
0%
Venomized Magneto
0%
Venomized Rocket Raccoon
0%
Venomized Storm
0%
Venomized Thanos
0%
Venomized War Machine
0%
Venomized Wolverine
0%
Venom May Parker
0%
Venompool
0%
Venom the Duck
0%
Void Knight
0%
Vulturelings
0%
Zombies
0%

Score Distribution

Percentile by Number Answered

Percent of People with Each Score

Your Score History

You have not taken this quiz